Statistics for Fortnite.

Click here to take the quiz!

General Stats

  • This quiz has been taken 3,196 times
  • The average score is 6 of 6

Answer Stats

Its the bestAnswer% Correct
bluerare
99%
orangeLegendary
98%
graycommon
97%
purpleEpic
97%
greenuncommon
96%
yellowMythic
66%

Score Distribution

Percentile by Number Answered

Percent of People with Each Score

Your Score History

You have not taken this quiz